Kinder lehren kinder : der Begriff des tatonnement experimental im Werk Celestin Freinets
Αποθηκεύτηκε σε:
| Κύριος συγγραφέας: | |
|---|---|
| Μορφή: | Βιβλίο |
| Γλώσσα: | German |
| Δημοσίευση: |
Baltmannsweiler :
Schneider Verlag Hohengehren,
2001
|
| Σειρά: | Basiswissen Grundschule ;
; Bd.7 |
| Θέματα: | |
| Ετικέτες: |
Προσθήκη ετικέτας
Δεν υπάρχουν, Καταχωρήστε ετικέτα πρώτοι!
|
MARC
| LEADER | 00000nam a2200000 i 4500 | ||
|---|---|---|---|
| 001 | 1/64254 | ||
| 008 | 041029s2001 ger d | ||
| 020 | |a 3-89676-404-7 | ||
| 035 | |l 10074974 | ||
| 040 | |a GR-MY-UA |b gre |e aacr | ||
| 041 | 0 | |a ger | |
| 082 | 0 | |a 370.1 |2 (21) | |
| 100 | 1 | |a Kock, Renate |d 1959- | |
| 245 | 1 | 0 | |a Kinder lehren kinder : |b der Begriff des tatonnement experimental im Werk Celestin Freinets / |c von Renate Kock ; mit einem Beitrag von Manfred Blieffert |
| 260 | |a Baltmannsweiler : |b Schneider Verlag Hohengehren, |c 2001 | ||
| 300 | |a viii, 105 p.; |b ill.; |c 23 cm | ||
| 490 | 1 | |a Basiswissen Grundschule |v ; Bd.7 | |
| 600 | 1 | 0 | |a Freinet Celestin. |
| 650 | 0 | 0 | |a Education |x Philosophy. |
| 650 | 0 | 0 | |a Education |x Experimental methods. |
| 700 | 1 | |a Blieffert, Manfred. |4 asn | |
| 830 | 0 | |a Basiswissen Grundschule ; |v ; Bd.7 | |
| 852 | |a INST |b RHODES |e 20041029 |h 370.1 KOC |p 005400017976 |q 005400017976 |t BK |y 0 | ||
| 901 | |a BIBL4-2004-3 | ||
| 909 | |a Ρ |b 115138 | ||
| 922 | |a 4ΕΛΗ |b 200410 |c ΕΠΕΑΕΚ2/ΠΤΔΕ |d ΜΙΧΑΛΟΠΟΥΛΟΣ | ||
| 950 | |a 095-2004-06-16 | ||
| 970 | |a ΧΟΡΟΖΙΔΟΥ |b ΤΖΕΝΗ |z 2004/12/07 | ||